000 00265nam a2200109Ia 4500
008 201224s9999 xx 000 0 und d
100 _aKurtz, S.L.
245 0 _aCEO: building a
260 _aBoston, Mass
_bHarvard Business School Press
300 _a307
942 _cBK
999 _c8823
_d8823